[Event "SVK-chT2C 1819"]
[Site "Slovakia"]
[Date "2018.11.18"]
[Round "4.1"]
[White "Csolto, Robert"]
[Black "Haring, Viktor"]
[Result "1/2-1/2"]
[WhiteElo "2164"]
[BlackElo "2314"]
[PlyCount "27"]
[EventDate "2018.10.13"]
[EventType "team-tourn"]
[EventRounds "11"]
[EventCountry "SVK"]
[SourceTitle "CBM 187 Extra"]
[Source "ChessBase"]
[SourceDate "2018.11.04"]
[SourceVersion "1"]
[SourceVersionDate "2018.11.04"]
[SourceQuality "1"]
[WhiteTeam "Jelsava Magnezit"]
[BlackTeam "Banska Bystrica Kurta"]
[WhiteTeamCountry "SVK"]
[BlackTeamCountry "SVK"]

1. e4 c5 2. Nf3 Nc6 3. Nc3 e5 4. Bc4 d6 5. d3 Be7 6. h3 Nf6 7. Nd5 0-0 8. c3 a6 9. a4 Rb8 10. 0-0 b5 11. axb5 axb5 12. Nxf6+ Bxf6 13. Bb3 Bb7 14. Bd5 1/2-1/2

[Event "SVK-chT1E 1718"]
[Site "Slovakia"]
[Date "2017.11.04"]
[Round "3.4"]
[White "Csolto, Robert"]
[Black "Mrva, Vladimir"]
[Result "1/2-1/2"]
[WhiteElo "2191"]
[BlackElo "2059"]
[PlyCount "47"]
[EventDate "2017.10.21"]
[EventType "team-tourn"]
[EventRounds "11"]
[EventCountry "SVK"]
[SourceTitle "CBM 181 Extra"]
[Source "ChessBase"]
[SourceDate "2017.12.12"]
[SourceVersion "1"]
[SourceVersionDate "2017.12.12"]
[SourceQuality "1"]
[WhiteTeam "Jelsava Magnezit"]
[BlackTeam "Michalovce Zemplin"]
[WhiteTeamCountry "SVK"]
[BlackTeamCountry "SVK"]

1. e4 e5 2. Nf3 Nf6 3. Nxe5 d6 4. Nf3 Nxe4 5. Nc3 Nf6 6. d4 Be7 7. h3 0-0 8. Bd3 Re8 9. 0-0 Nbd7 10. Re1 Nf8 11. Be3 c6 12. Qd2 Ng6 13. Re2 Bd7 14. Rae1 Bf8 15. Bg5 Rxe2 16. Qxe2 h6 17. Bc1 Qc7 18. a3 Re8 19. Qd1 Rxe1+ 20. Qxe1 Qc8 21. Ne2 Bf5 22. Qd1 Bxd3 23. Qxd3 Qe6 24. Qe3 1/2-1/2

[Event "SVK-chT1E 1718"]
[Site "Slovakia"]
[Date "2017.10.22"]
[Round "2.4"]
[White "Csolto, Robert"]
[Black "Korytko, Peter"]
[Result "1-0"]
[WhiteElo "2191"]
[BlackElo "2032"]
[PlyCount "89"]
[EventDate "2017.10.21"]
[EventType "team-tourn"]
[EventRounds "11"]
[EventCountry "SVK"]
[SourceTitle "CBM 181 Extra"]
[Source "ChessBase"]
[SourceDate "2017.12.12"]
[SourceVersion "1"]
[SourceVersionDate "2017.12.12"]
[SourceQuality "1"]
[WhiteTeam "Jelsava Magnezit"]
[BlackTeam "Margecany OSK"]
[WhiteTeamCountry "SVK"]
[BlackTeamCountry "SVK"]

1. e4 e5 2. Nf3 Nc6 3. Bb5 a6 4. Ba4 d6 5. c3 b5 6. Bc2 Bg4 7. h3 Bh5 8. Qe2 Qc8 9. a4 Rb8 10. 0-0 Be7 11. axb5 axb5 12. Na3 Na7 13. d4 Nf6 14. Bd3 Bxf3 15. Qxf3 0-0 16. Nc2 Qb7 17. Bg5 Nc8 18. Ne3 c5 19. Nf5 c4 20. Bc2 Ne8 21. Be3 Bf6 22. d5 g6 23. Nh6+ Kh8 24. Ra2 Qe7 25. Rfa1 Bg7 26. Qg3 f6 27. h4 Bxh6 28. Bxh6 Ng7 29. Qg4 Re8 30. Be3 Qf7 31. Bh6 Kg8 32. Ra6 Rb7 33. Rc6 Ne7 34. Rxd6 f5 35. Qg3 fxe4 36. Rf6 Qxd5 37. Rd1 Qc5 38. Bxe4 Rb6 39. Rxb6 Qxb6 40. Bxg7 Kxg7 41. Qxe5+ Kf8 42. Rd6 Qb8 43. Bc6 Nxc6 44. Qh8+ Kf7 45. Qxh7+ 1-0

[Event "SVK-chT 1415"]
[Site "Slovakia"]
[Date "2015.01.18"]
[Round "6.1"]
[White "Jarmula, Lukasz"]
[Black "Csolto, Robert"]
[Result "1-0"]
[WhiteElo "2314"]
[BlackElo "2237"]
[PlyCount "79"]
[EventDate "2014.10.25"]
[EventType "team-tourn"]
[EventRounds "11"]
[EventCountry "SVK"]
[SourceTitle "EXT 2016"]
[Source "ChessBase"]
[SourceDate "2015.10.08"]
[SourceVersion "1"]
[SourceVersionDate "2015.10.08"]
[SourceQuality "1"]
[WhiteTeam "Prakovce"]
[BlackTeam "Liptov Chess School"]
[WhiteTeamCountry "SVK"]
[BlackTeamCountry "SVK"]

1. d4 Nf6 2. c4 d6 3. Nf3 g6 4. Nc3 Bg7 5. e4 0-0 6. Be2 e5 7. 0-0 Nbd7 8. Be3 Qe7 9. d5 Ng4 10. Bg5 f6 11. Bd2 a5 12. a3 f5 13. Ne1 Ngf6 14. exf5 gxf5 15. Nd3 c6 16. Qc2 Qf7 17. b4 Nb6 18. dxc6 Nxc4 19. bxa5 Nxd2 20. Qxd2 bxc6 21. Nb4 c5 22. Nbd5 Nxd5 23. Nxd5 e4 24. Rab1 Ba6 25. Bxa6 Rxa6 26. Rb6 Rxa5 27. Qxa5 Qxd5 28. Qb5 f4 29. Rb8 f3 30. Rxf8+ Bxf8 31. gxf3 exf3 32. Kh1 Kf7 33. Qd7+ Kf6 34. Qxh7 Qf5 35. Qh8+ Ke6 36. Re1+ Kd7 37. Qb2 Kc7 38. Re8 Qh3 39. Qb8+ Kc6 40. Qc8+ 1-0

[Event "SVK-chT 1314"]
[Site "Slovakia"]
[Date "2014.03.30"]
[Round "11.4"]
[White "Kijac, Miroslav"]
[Black "Csolto, Robert"]
[Result "1/2-1/2"]
[WhiteElo "2153"]
[BlackElo "2260"]
[PlyCount "22"]
[EventDate "2013.11.09"]
[EventType "team-tourn"]
[EventRounds "11"]
[EventCountry "SVK"]
[SourceTitle "EXT 2015"]
[Source "ChessBase"]
[SourceDate "2014.11.20"]
[SourceVersion "1"]
[SourceVersionDate "2014.11.20"]
[SourceQuality "1"]
[WhiteTeam "Trencin"]
[BlackTeam "Liptovsky Mikulas"]
[WhiteTeamCountry "SVK"]
[BlackTeamCountry "SVK"]

1. d4 Nf6 2. c4 d6 3. Nc3 g6 4. e4 Bg7 5. Nf3 0-0 6. h3 c5 7. d5 e6 8. Be2 exd5 9. exd5 Re8 10. 0-0 Nbd7 11. Bf4 Ne5 1/2-1/2

[Event "SVK-chT 1314"]
[Site "Slovakia"]
[Date "2014.03.28"]
[Round "9.3"]
[White "Istona, Martin"]
[Black "Csolto, Robert"]
[Result "0-1"]
[WhiteElo "2101"]
[BlackElo "2260"]
[PlyCount "77"]
[EventDate "2013.11.09"]
[EventType "team-tourn"]
[EventRounds "11"]
[EventCountry "SVK"]
[SourceTitle "EXT 2015"]
[Source "ChessBase"]
[SourceDate "2014.11.20"]
[SourceVersion "1"]
[SourceVersionDate "2014.11.20"]
[SourceQuality "1"]
[WhiteTeam "Stara Lubovna"]
[BlackTeam "Liptovsky Mikulas"]
[WhiteTeamCountry "SVK"]
[BlackTeamCountry "SVK"]

1. e4 c5 2. Nf3 a6 3. g3 d6 4. Bg2 Nf6 5. d3 e5 6. 0-0 h6 7. c3 Be7 8. Re1 0-0 9. Nbd2 Qc7 10. a4 Nc6 11. Nc4 Be6 12. Nfd2 d5 13. Ne3 Rad8 14. exd5 Nxd5 15. Qe2 Nxe3 16. Qxe3 Bd5 17. Ne4 b6 18. f4 f5 19. Nf2 Bxg2 20. Kxg2 Bd6 21. Qf3 exf4 22. Bxf4 Bxf4 23. Qxf4 Qxf4 24. gxf4 Rfe8 25. Kf3 Kf7 26. h3 g5 27. Re3 Rxe3+ 28. Kxe3 Kf6 29. Rg1 Ne7 30. fxg5+ hxg5 31. Kf3 Ng6 32. Re1 Ne5+ 33. Ke2 Rd7 34. b3 Ng6 35. Kd2 Rd8 36. Rf1 Nf4 37. h4 gxh4 38. Ne4+ fxe4 39. Rxf4+ 0-1

[Event "SVK-chT 1314"]
[Site "Slovakia"]
[Date "2014.03.09"]
[Round "8.7"]
[White "Dolnak, Michal"]
[Black "Csolto, Robert"]
[Result "1/2-1/2"]
[WhiteElo "2164"]
[BlackElo "2260"]
[PlyCount "53"]
[EventDate "2013.11.09"]
[EventType "team-tourn"]
[EventRounds "11"]
[EventCountry "SVK"]
[SourceTitle "EXT 2015"]
[Source "ChessBase"]
[SourceDate "2014.11.20"]
[SourceVersion "1"]
[SourceVersionDate "2014.11.20"]
[SourceQuality "1"]
[WhiteTeam "Bratislava Slovan II"]
[BlackTeam "Liptovsky Mikulas"]
[WhiteTeamCountry "SVK"]
[BlackTeamCountry "SVK"]

1. d4 Nf6 2. c4 g6 3. Nc3 Bg7 4. e4 0-0 5. Nf3 d6 6. Be2 e5 7. 0-0 Nc6 8. d5 Ne7 9. b4 Nh5 10. Re1 a5 11. Ba3 f5 12. Ng5 Nf6 13. bxa5 h6 14. Ne6 Bxe6 15. dxe6 Nc6 16. Bd3 Rxa5 17. Bb2 f4 18. Nd5 Re8 19. Qb3 Qc8 20. Bc3 Ra7 21. c5 dxc5 22. Bb5 Kh7 23. Rad1 Qxe6 24. Nxc7 Qxb3 25. axb3 Rc8 26. Bxc6 Rxc7 27. Bb5 1/2-1/2

[Event "SVK-chT2C 1314"]
[Site "Slovakia"]
[Date "2014.01.11"]
[Round "5.1"]
[White "Trgina, Daniel"]
[Black "Csolto, Robert"]
[Result "1-0"]
[WhiteElo "2129"]
[BlackElo "2260"]
[PlyCount "53"]
[EventDate "2013.10.19"]
[EventType "team-tourn"]
[EventRounds "11"]
[EventCountry "SVK"]
[SourceTitle "EXT 2015"]
[Source "ChessBase"]
[SourceDate "2014.11.20"]
[SourceVersion "1"]
[SourceVersionDate "2014.11.20"]
[SourceQuality "1"]
[WhiteTeam "Banska Bystrica Veza"]
[BlackTeam "Jelsava Magnezit"]
[WhiteTeamCountry "SVK"]
[BlackTeamCountry "SVK"]

1. e4 c5 2. Nf3 d6 3. d4 cxd4 4. Nxd4 Nf6 5. Nc3 a6 6. Bg5 e6 7. f4 Qc7 8. Qf3 Nbd7 9. 0-0-0 Be7 10. g4 b5 11. Bxf6 Nxf6 12. g5 Nd7 13. f5 Nc5 14. f6 gxf6 15. gxf6 Bf8 16. Rg1 h5 17. Rg7 b4 18. Nd5 exd5 19. exd5 Bg4 20. Re1+ Kd8 21. Qf4 Qd7 22. h3 Bxg7 23. fxg7 Re8 24. Rxe8+ Qxe8 25. Qxd6+ Kc8 26. Qxc5+ Kb7 27. Qxb4+ 1-0

[Event "SVK-chT 1314"]
[Site "Slovakia"]
[Date "2013.12.07"]
[Round "3.6"]
[White "Csolto, Robert"]
[Black "Rogos, Jan Jr"]
[Result "1/2-1/2"]
[WhiteElo "2260"]
[BlackElo "2153"]
[PlyCount "21"]
[EventDate "2013.11.09"]
[EventType "team-tourn"]
[EventRounds "11"]
[EventCountry "SVK"]
[SourceTitle "CBM 157 Extra"]
[Source "ChessBase"]
[SourceDate "2013.12.19"]
[SourceVersion "1"]
[SourceVersionDate "2013.12.19"]
[SourceQuality "1"]
[WhiteTeam "Liptovsky Mikulas"]
[BlackTeam "Kosice Slavia UPJS"]
[WhiteTeamCountry "SVK"]
[BlackTeamCountry "SVK"]

1. c4 c5 2. Nf3 Nf6 3. g3 g6 4. Bg2 Bg7 5. 0-0 0-0 6. Nc3 Nc6 7. e3 d6 8. d4 cxd4 9. exd4 Bf5 10. b3 Ne4 11. Bb2 1/2-1/2

[Event "SVK-chT 1213"]
[Site "Slovakia"]
[Date "2013.03.01"]
[Round "9.3"]
[White "Szucs, Vladimir"]
[Black "Csolto, Robert"]
[Result "1/2-1/2"]
[WhiteElo "2235"]
[BlackElo "2280"]
[PlyCount "29"]
[EventDate "2012.10.27"]
[EventType "team-tourn"]
[EventRounds "11"]
[EventCountry "SVK"]
[SourceTitle "EXT 2014"]
[Source "ChessBase"]
[SourceDate "2013.11.20"]
[SourceVersion "1"]
[SourceVersionDate "2013.11.20"]
[SourceQuality "1"]
[WhiteTeam "Nitra"]
[BlackTeam "Liptov Magic"]
[WhiteTeamCountry "SVK"]
[BlackTeamCountry "SVK"]

1. d4 Nf6 2. c4 g6 3. Nc3 Bg7 4. e4 d6 5. f3 0-0 6. Be3 a6 7. Qd2 Nc6 8. Nge2 Rb8 9. Nc1 e5 10. d5 Nd4 11. Nb3 Nxb3 12. axb3 c5 13. b4 cxb4 14. Na4 b5 15. Qxb4 1/2-1/2

[Event "SVK-chT2C 1213"]
[Site "Slovakia"]
[Date "2013.02.16"]
[Round "8.1"]
[White "Csolto, Robert"]
[Black "Lukac, Roman"]
[Result "1-0"]
[WhiteElo "2280"]
[BlackElo "2127"]
[PlyCount "75"]
[EventDate "2012.10.13"]
[EventType "team-tourn"]
[EventRounds "11"]
[EventCountry "SVK"]
[SourceTitle "EXT 2015"]
[Source "ChessBase"]
[SourceDate "2014.11.20"]
[SourceVersion "1"]
[SourceVersionDate "2014.11.20"]
[SourceQuality "1"]
[WhiteTeam "Jelsava"]
[BlackTeam "Banska Bystrica Kurta"]
[WhiteTeamCountry "SVK"]
[BlackTeamCountry "SVK"]

1. e4 e5 2. Nf3 Nc6 3. Bb5 a6 4. Ba4 Nf6 5. 0-0 b5 6. Bb3 Be7 7. Re1 0-0 8. a4 Bb7 9. d3 d5 10. exd5 Nxd5 11. Nxe5 Nd4 12. c3 Nxb3 13. Qxb3 b4 14. d4 Rb8 15. c4 Nf6 16. Be3 Nd7 17. Nd2 Re8 18. Ndf3 Nf8 19. Rad1 h6 20. d5 Bf6 21. Ba7 Ra8 22. Bc5 a5 23. Qc2 Qc8 24. b3 Nd7 25. Bd4 Nxe5 26. Bxe5 Be7 27. Nd4 Bd6 28. Bxd6 cxd6 29. Qd3 Qd7 30. h3 Rxe1+ 31. Rxe1 Re8 32. Re3 f6 33. Nb5 Re5 34. f4 Re7 35. Qe2 Kf8 36. Nd4 Bc8 37. Rxe7 Qxe7 38. Qxe7+ 1-0

[Event "SVK-chT 1213"]
[Site "Slovakia"]
[Date "2012.11.24"]
[Round "3.5"]
[White "Dovzik, Juri"]
[Black "Csolto, Robert"]
[Result "1/2-1/2"]
[WhiteElo "2350"]
[BlackElo "2280"]
[PlyCount "24"]
[EventDate "2012.10.27"]
[EventType "team-tourn"]
[EventRounds "11"]
[EventCountry "SVK"]
[SourceTitle "EXT 2014"]
[Source "ChessBase"]
[SourceDate "2013.11.20"]
[SourceVersion "1"]
[SourceVersionDate "2013.11.20"]
[SourceQuality "1"]
[WhiteTeam "Kosice"]
[BlackTeam "Liptov Magic"]
[WhiteTeamCountry "SVK"]
[BlackTeamCountry "SVK"]

1. e4 c5 2. Nf3 d6 3. c3 Nf6 4. Bd3 Nc6 5. 0-0 e6 6. Bc2 Be7 7. Re1 0-0 8. d4 Qc7 9. e5 Nd7 10. Bf4 cxd4 11. cxd4 dxe5 12. dxe5 Nb4 1/2-1/2

[Event "SVK-chT 1112"]
[Site "Slovakia"]
[Date "2012.01.14"]
[Round "5.4"]
[White "Kantorik, Marian"]
[Black "Csolto, Robert"]
[Result "0-1"]
[WhiteElo "2320"]
[BlackElo "2267"]
[PlyCount "78"]
[EventDate "2011.10.22"]
[EventType "team-tourn"]
[EventRounds "11"]
[EventCountry "SVK"]
[SourceTitle "EXT 2013"]
[Source "ChessBase"]
[SourceDate "2012.11.22"]
[SourceVersion "1"]
[SourceVersionDate "2012.11.22"]
[SourceQuality "1"]
[WhiteTeam "Dunajov"]
[BlackTeam "Liptov Magic"]
[WhiteTeamCountry "SVK"]
[BlackTeamCountry "SVK"]

1. d4 Nf6 2. c4 g6 3. Nc3 d6 4. e4 Bg7 5. Be2 0-0 6. Nf3 Nbd7 7. 0-0 e5 8. Re1 exd4 9. Nxd4 Nc5 10. f3 Ne6 11. Be3 Nd7 12. Qd2 Ne5 13. f4 Nxd4 14. Bxd4 Nc6 15. Bxg7 Kxg7 16. Rad1 Be6 17. b3 f6 18. Bf3 Qe7 19. Nd5 Qf7 20. Qc3 Rae8 21. Ne3 Bd7 22. b4 Nd8 23. a3 Bc6 24. Ng4 h5 25. Nf2 Kh7 26. b5 Bd7 27. e5 fxe5 28. fxe5 dxe5 29. Ne4 Ne6 30. Qxe5 Bc8 31. Rf1 Qg7 32. Qg3 Nd4 33. Ng5+ Kh8 34. h3 Rxf3 35. Qh4 Ne2+ 36. Kh2 Qe5+ 37. g3 Qxg3+ 38. Qxg3 Rxg3 39. h4 Rg4 0-1

[Event "SVK-chT1E 1011"]
[Site "Slovakia"]
[Date "2011.02.13"]
[Round "7.3"]
[White "Szamos, Alexander"]
[Black "Csolto, Robert"]
[Result "0-1"]
[WhiteElo "2211"]
[BlackElo "2287"]
[PlyCount "84"]
[EventDate "2010.11.06"]
[EventType "team-tourn"]
[EventRounds "11"]
[EventCountry "SVK"]
[SourceTitle "EXT 2012"]
[Source "ChessBase"]
[SourceDate "2011.11.24"]
[SourceVersion "1"]
[SourceVersionDate "2011.11.24"]
[SourceQuality "1"]
[WhiteTeam "Filakovo"]
[BlackTeam "Liptov Magic"]
[WhiteTeamCountry "SVK"]
[BlackTeamCountry "SVK"]

1. Nf3 Nf6 2. g3 d6 3. d4 g6 4. Bg2 Bg7 5. 0-0 0-0 6. c4 Nbd7 7. Nc3 e5 8. e4 Re8 9. d5 a5 10. h3 Nc5 11. Qc2 Nh5 12. Be3 b6 13. a3 f5 14. Bg5 Bf6 15. Bxf6 Nxf6 16. Nd2 a4 17. Kh2 fxe4 18. Ndxe4 Bf5 19. Rae1 Nfxe4 20. Nxe4 Bxe4 21. Bxe4 Qg5 22. Qc3 Rf8 23. f3 Rf7 24. Qe3 Qxe3 25. Rxe3 b5 26. cxb5 Rb8 27. Kg2 Rxb5 28. Re2 Rf8 29. Rff2 Rb3 30. Rc2 Rfb8 31. Rfe2 Rf8 32. Rf2 Kg7 33. Rcd2 g5 34. Bb1 h5 35. Ba2 Re3 36. Rde2 Rfxf3 37. Rxe3 Rxe3 38. Bb1 e4 39. Bc2 Kg6 40. g4 h4 41. Kh2 Nd3 42. Rd2 Nf4 0-1

[Event "SVK-chT1E 1011"]
[Site "Slovakia"]
[Date "2011.01.09"]
[Round "5.3"]
[White "Csolto, Robert"]
[Black "Druska, Juraj"]
[Result "1/2-1/2"]
[WhiteElo "2287"]
[BlackElo "2226"]
[PlyCount "44"]
[EventDate "2010.11.06"]
[EventType "team-tourn"]
[EventRounds "11"]
[EventCountry "SVK"]
[SourceTitle "EXT 2012"]
[Source "ChessBase"]
[SourceDate "2011.11.24"]
[SourceVersion "1"]
[SourceVersionDate "2011.11.24"]
[SourceQuality "1"]
[WhiteTeam "Liptov Magic"]
[BlackTeam "Liptov Chess School"]
[WhiteTeamCountry "SVK"]
[BlackTeamCountry "SVK"]

1. e4 a6 2. d4 b5 3. Bd3 Bb7 4. Be3 Nf6 5. f3 d6 6. Ne2 Nfd7 7. 0-0 c5 8. c3 Nc6 9. Nd2 g6 10. f4 cxd4 11. Nxd4 Bg7 12. N2b3 e5 13. Nxc6 Bxc6 14. Qe2 0-0 15. Rad1 exf4 16. Bxf4 Ne5 17. Nd4 Bb7 18. Nf3 Re8 19. Nxe5 Bxe5 20. Bc2 f5 21. Bxe5 Rxe5 22. Qd2 Bxe4 1/2-1/2